[Event "Santa Eugenia op 10th"]
[Site "Santa Eugenia"]
[Date "2015.??.??"]
[Round "4"]
[White "Torrellas Valenti, Jordi"]
[Black "Arino Falgas, Ferran"]
[Result "1-0"]
[WhiteElo "1701"]
[BlackElo "1733"]
[PlyCount "57"]
[EventDate "2015.04.17"]
[EventType "swiss"]
[EventRounds "9"]
[EventCountry "ESP"]
[SourceTitle "EXT 2016"]
[Source "ChessBase"]
[SourceDate "2015.10.08"]
[SourceVersion "1"]
[SourceVersionDate "2015.10.08"]
[SourceQuality "1"]

1. e4 e5 2. Nf3 Bd6 3. c3 Nf6 4. d3 0-0 5. Bg5 h6 6. Bh4 b6 7. d4 Qe8 8. Bxf6 gxf6 9. Be2 Nc6 10. d5 Ne7 11. Qd2 Ng6 12. Qxh6 Bb7 13. 0-0 c6 14. c4 a6 15. Nh4 Nxh4 16. Qxh4 b5 17. b3 Kg7 18. Qg3+ Kh8 19. Qh3+ Kg8 20. Bg4 f5 21. Bxf5 Kg7 22. Qh5 Rh8 23. Qg4+ Kf8 24. Nd2 Be7 25. Qg3 f6 26. Nf3 bxc4 27. bxc4 d6 28. Nh4 Kf7 29. Bg6+ 1-0

[Event "Santa Eugenia op 9th"]
[Site "Santa Eugenia"]
[Date "2014.05.09"]
[Round "3"]
[White "Ariño Falgas, Ferran"]
[Black "Torrellas Valenti, Jordi"]
[Result "0-1"]
[WhiteElo "1700"]
[BlackElo "1700"]
[PlyCount "27"]
[EventDate "2014.04.25"]
[EventType "swiss"]
[EventRounds "9"]
[EventCountry "ESP"]
[SourceTitle "EXT 2015"]
[Source "ChessBase"]
[SourceDate "2014.11.20"]
[SourceVersion "1"]
[SourceVersionDate "2014.11.20"]
[SourceQuality "1"]

1. e4 e5 2. Be2 Nf6 3. Nf3 Nc6 4. b3 d5 5. exd5 Nxd5 6. Bb2 Bd6 7. Bc4 Nde7 8. Nc3 Be6 9. Ne4 a6 10. Nxd6+ cxd6 11. d4 Qa5+ 12. c3 0-0 13. 0-0 Nxd4 14. Qc2 0-1